00310nam a2200121Ia 4500008004100000020001500041082001800056100002500074245004600099260003000145300000800175650000500183140316s9999 xx 000 0 und d a8126413794 a153.8bSHA/AW aDevi,Shakuntala Devi aNingalute Kuttiyile Prathibhaye Unarthuka aKottayambD C Booksc2009 a167 a